Biblioteca y Centro de Documentación

El contrato para la formación (Registro nro. 31585)

Detalles MARC
000 -CABECERA
Longitud fija campo de control 00962naa a2200277 c 4500
001 - NÚMERO DE CONTROL
Número de control 31585
003 - IDENTIFICADOR DE NÚMERO DE CONTROL
Identificador del número de control ES-MaCES
005 - FECHA Y HORA DE LA ÚLTIMA TRANSACCIÓN
Fecha y hora de la última transacción 20221201040017.0
008 - CAMPO FIJO DE DESCRIPCIÓN FIJA--INFORMACIÓN GENERAL
Códigos de información de longitud fija   000313n1999 sp ||| | spa d
035 ## - NÚMERO DE CONTROL DEL SISTEMA
Número de control del sistema CES20000001067v
040 ## - FUENTE DE CATALOGACIÓN
Centro catalogador de origen ES-MaCES
Lengua de catalogación spa
Centro transcriptor ES-MaCES
100 1# - ENCABEZAMIENTO PRINCIPAL--NOMBRE PERSONAL
Nombre de persona Vicente Pachés, Fernando de
9 (RLIN) 25796
245 13 - MENCIÓN DE TÍTULO
Título El contrato para la formación
Resto del título : régimen jurídico
Mención de responsabilidad, etc. por Fernando de Vicente Pachés
504 ## - NOTA DE BIBLIOGRAFÍA, ETC.
Nota de bibliografía, etc. Bibliografía
650 #4 - ASIENTO SECUNDARIO DE MATERIA--TÉRMINO DE MATERIA
Término de materia o nombre geográfico como elemento inicial legislación del trabajo
9 (RLIN) 27166
650 #4 - ASIENTO SECUNDARIO DE MATERIA--TÉRMINO DE MATERIA
Término de materia o nombre geográfico como elemento inicial España
9 (RLIN) 26964
650 #4 - ASIENTO SECUNDARIO DE MATERIA--TÉRMINO DE MATERIA
Término de materia o nombre geográfico como elemento inicial relación formación empleo
9 (RLIN) 29976
650 #4 - ASIENTO SECUNDARIO DE MATERIA--TÉRMINO DE MATERIA
Término de materia o nombre geográfico como elemento inicial contrato de aprendizaje
9 (RLIN) 29927
650 #4 - ASIENTO SECUNDARIO DE MATERIA--TÉRMINO DE MATERIA
Término de materia o nombre geográfico como elemento inicial contrato de trabajo
9 (RLIN) 28316
653 10 - TÉRMINO DE INDEXACIÓN--NO CONTROLADO
Término no controlado Relaciones laborales-Empleo
650 #4 - ASIENTO SECUNDARIO DE MATERIA--TÉRMINO DE MATERIA
9 (RLIN) 27392
Término de materia o nombre geográfico como elemento inicial formación
773 0# - ENTRADA DE DOCUMENTO FUENTE
Título Tribuna social
Parte(s) relacionada(s) n. 107 (nov. 1999){10448 R. 033615}; p. 28-40
Número de control del registro relacionado (ES-MaCES)25455
Itemnumber del ítem fuente 59460
902 ## - CES. TIPO DE DOCUMENTO
Tipodoc (006$c Sirtex) ART Artículo de revista
942 ## - ELEMENTOS KOHA
Fuente de clasificaión o esquema Clasificación propia del CES
Koha [por defecto] tipo de item Artículos (1982-2017)
Parte de clasificación 2.0.

No hay ítems disponibles.

© CES, Consejo Económico y Social de España 2021